=LDR 00000nam 2200000 4500 =001 INLIS000000000045223 =005 20150108104107.0 =006 =007 =008 =035 ##$$0010-011500000000049 =082 ##$$a338.372 1 =100 ##$$aA.M. HANAFIAH =245 ##$$aTATA MNIAGA HASAIL PERIKANAN =260 ##$$a JAKARTA $b UNIVERSITAS INDONESIA $c 1986 =300 ##$$a V; 208 HLM $c 20 CM =850 ##$$aNBPNMAT =990 ##$$a 0001/BPAP-NTB/20142015